Asking Questions in Biology: a guide to hypothesis-testing... (Record no. 5275)

MARC details
000 -LEADER
fixed length control field 00558nam a22001937a 4500
003 - CONTROL NUMBER IDENTIFIER
control field OSt
005 - DATE AND TIME OF LATEST TRANSACTION
control field 20160922144249.0
008 - FIXED-LENGTH DATA ELEMENTS--GENERAL INFORMATION
fixed length control field 160922b xxu||||| |||| 00| 0 eng d
020 ## - INTERNATIONAL STANDARD BOOK NUMBER
International Standard Book Number 9780273734680
040 ## - CATALOGING SOURCE
Transcribing agency DDC
082 ## - DEWEY DECIMAL CLASSIFICATION NUMBER
Classification number 570 BAR 2011
100 ## - MAIN ENTRY--PERSONAL NAME
Personal name Barnard ,Chris; Gilbert,Francis; McGregor, Peter
9 (RLIN) 11103
245 ## - TITLE STATEMENT
Title Asking Questions in Biology: a guide to hypothesis-testing...
250 ## - EDITION STATEMENT
Edition statement 4th ed.
260 ## - PUBLICATION, DISTRIBUTION, ETC. (IMPRINT)
Place of publication, distribution, etc. England; Pearson, 2011
300 ## - PHYSICAL DESCRIPTION
Extent x,248p; ill: 24cm
504 ## - BIBLIOGRAPHY, ETC. NOTE
Bibliography, etc Appendices, answers, & index included
942 ## - ADDED ENTRY ELEMENTS (KOHA)
Source of classification or shelving scheme Other/Generic Classification Scheme
Koha item type Open Shelf
Holdings
Withdrawn status Lost status Source of classification or shelving scheme Damaged status Not for loan Home library Current library Date acquired Source of acquisition Inventory number Total Checkouts Full call number Barcode Date last seen Koha item type
    Dewey Decimal Classification     MUST Main Library MUST Main Library 22/09/2016   14/38650   570 BAR 2011 2016-4479 22/09/2016 Open Shelf